Ústava Slovenskej republiky č. 460/1992 Zb., ako vyplýva zo zmien a doplnení vykonaných ústavným zákonom č. 244/1998 Z. z., ústavným zákonom č. 9/1999 Z. z. a ústavným zákonom č. 90/2001 Z. z.
Gespeichert in:
| Format: | Buch |
|---|---|
| Sprache: | Slowakisch |
| Veröffentlicht: |
Bratislava
Kancelária Národnej rady SR
2001
|
| Schlagworte: | |
| Tags: |
Keine Tags, Fügen Sie das erste Tag hinzu!
|
MARC
| LEADER | 00000nam a2200000 4500 | ||
|---|---|---|---|
| 001 | c124914 | ||
| 005 | 20221108083905.6 | ||
| 020 | |a 80-89052-00-2 | ||
| 041 | 0 | |a slo | |
| 044 | |a SK | ||
| 245 | 1 | 0 | |a Ústava Slovenskej republiky |b č. 460/1992 Zb., ako vyplýva zo zmien a doplnení vykonaných ústavným zákonom č. 244/1998 Z. z., ústavným zákonom č. 9/1999 Z. z. a ústavným zákonom č. 90/2001 Z. z. |
| 264 | 1 | |a Bratislava |b Kancelária Národnej rady SR |c 2001 | |
| 300 | |a 77 s. | ||
| 610 | 2 | 0 | |a ústava |
| 610 | 2 | 0 | |a zákony |
| 610 | 2 | 0 | |a právo ústavné |
| 610 | 2 | 0 | |a právo štátne |
| 610 | 2 | 0 | |a štát |
| 610 | 2 | 0 | |a Slovensko |
| 610 | 2 | 0 | |a 2001 |